00528nam a2200169Ia 4500003000900000008004100009020001800050040001600068080001500084100001800099245011600117260003000233300001500263650004100278650002200319700001700341IN-BaIIA211028s9999 xx 000 0 eng d a0-85274-830-2 cIIA Library a524.3bCOO aCooper, W. A. 0aGetting the measure of the starscW. A. Cooper and E. N. Walker  aLondonbAdam Hilgerc1989 axii, 293p. aAstronomy and astrophysics thesaurus aStars measurement aWalker, E. N